| 000 | 00942nam a22003497a 4500 | ||
|---|---|---|---|
| 001 | BR7804064 | ||
| 003 | BR-BrBNA | ||
| 005 | 20230928085634.0 | ||
| 007 | ta | ||
| 008 | 230509b bl.||||| |||| 00| 0 por d | ||
| 040 |
_aBR-BrBNA _bpor _cBiblioteca Nacional de Agricultura |
||
| 041 | _a(Por) | ||
| 072 |
_aE70; K50 _b2480 _b8909 _b/G514 |
||
| 090 | _ 2480 BR7804064 | ||
| 110 | 1 | _aBanco do Nordeste do Brasil S.A., Fortaleza, CE | |
| 245 | 1 | _aMercado de manufaturados de elastomeros no nordeste [Latex; Fabrica; Borracha; Brasil] | |
| 260 | 3 |
_aFortaleza, CE (Brasil): _c1978. |
|
| 300 | _a184 p. | ||
| 500 | _a86 illus. | ||
| 650 | _aComercializacao | ||
| 650 | _aIndustria florestal | ||
| 650 | _aBorracha | ||
| 650 | _aLatex | ||
| 650 | _aMercado | ||
| 650 | _aConsumo | ||
| 650 | _aOferta | ||
| 650 | _aDemanda | ||
| 650 | _aFabrica | ||
| 650 | _aNordeste | ||
| 909 |
_a202309 _bLucia _c55 _dLucia Elande |
||
| 942 | _cBK | ||
| 999 |
_c25523 _d25523 |
||